000
00234nam a2200097Ia 4500
008
240625s9999 xx 000 0 und d
041
_a
eng
100
_a
MAHAJAN M I
245
_a
FOREIGN TRADE POLICY PROCEDURES AND DOCU
260
_c
2005
999
_c
33257
_d
33257